[Event "BCF-chT3Nb 1516 (4NCL)"]
[Site "England"]
[Date "2015.11.15"]
[Round "2.97"]
[White "Yee, John Y"]
[Black "Hamer, Martyn"]
[Result "0-1"]
[WhiteElo "1795"]
[BlackElo "2073"]
[PlyCount "100"]
[EventDate "2015.11.14"]
[EventType "team-swiss"]
[EventRounds "7"]
[EventCountry "ENG"]
[SourceTitle "CBM 169 Extra"]
[Source "ChessBase"]
[SourceDate "2015.12.18"]
[SourceVersion "1"]
[SourceVersionDate "2015.12.18"]
[SourceQuality "1"]
[WhiteTeam "Cheddleton III"]
[BlackTeam "Manchester Manticores"]
[WhiteTeamCountry "ENG"]
[BlackTeamCountry "ENG"]

1. e4 e6 2. d4 d5 3. Nd2 c5 4. Bb5+ Bd7 5. Bxd7+ Nxd7 6. c3 cxd4 7. cxd4 dxe4 8. Nxe4 Ngf6 9. Nxf6+ Nxf6 10. Nf3 Bb4+ 11. Bd2 Qa5 12. 0-0 Bxd2 13. Qxd2 Qxd2 14. Nxd2 Rc8 15. Rac1 Ke7 16. h3 Rhd8 17. Nf3 Nd5 18. Rfd1 f6 19. a3 Nf4 20. Kf1 g5 21. Rc3 Rxc3 22. bxc3 Rc8 23. Rc1 b5 24. Nd2 h6 25. Nb3 Kd6 26. Nc5 Kd5 27. Re1 Rc6 28. g3 Nxh3 29. Kg2 g4 30. f4 h5 31. Re3 h4 32. gxh4 Nxf4+ 33. Kg3 e5 34. Kxg4 Ne6 35. Nxe6 Kxe6 36. dxe5 Rc4+ 37. Kg3 fxe5 38. h5 Kf6 39. h6 a6 40. Kf2 Rh4 41. Ke2 Rxh6 42. Kd3 Rh4 43. Rf3+ Ke6 44. Rg3 Ra4 45. Rg6+ Kd5 46. Rg8 Rxa3 47. Rd8+ Kc6 48. Ke4 Kc7 49. Rd3 a5 50. Kxe5 b4 0-1

[Event "BCF-chT4 0708 (4NCL)"]
[Site "England"]
[Date "2007.10.28"]
[Round "2.5"]
[White "Yee, John Y"]
[Black "Wright, Antony J"]
[Result "1-0"]
[WhiteElo "1920"]
[BlackElo "1995"]
[PlyCount "63"]
[EventDate "2007.09.15"]
[EventType "team-swiss"]
[EventRounds "11"]
[EventCountry "ENG"]
[SourceTitle "EXT 2009"]
[Source "ChessBase"]
[SourceDate "2008.11.26"]
[SourceVersion "1"]
[SourceVersionDate "2008.11.26"]
[SourceQuality "1"]
[WhiteTeam "Cheddleton"]
[BlackTeam "Nottinghamshire"]
[WhiteTeamCountry "ENG"]
[BlackTeamCountry "ENG"]

1. e4 e6 2. d4 d5 3. Nc3 Nf6 4. e5 Nfd7 5. Nf3 a6 6. Ne2 c5 7. c3 Nc6 8. Bd2 Be7 9. Ng3 Qb6 10. Qb3 Qxb3 11. axb3 cxd4 12. cxd4 Nb4 13. Rc1 Nb8 14. Rxc8+ Bd8 15. Bxb4 Kd7 16. Rc1 Nc6 17. Bc3 Be7 18. Be2 h6 19. 0-0 Rab8 20. Ra1 Rhc8 21. h3 Rc7 22. Nh5 Bf8 23. Nf4 Be7 24. Nd3 Rcc8 25. b4 Ke8 26. Nc5 Nd8 27. Rfc1 Ra8 28. Na4 Rab8 29. b5 axb5 30. Bxb5+ Kf8 31. Nb6 Rc7 32. Nd7+ 1-0

[Event "BCF-chT4 0304 (4NCL)"]
[Site "West Bromwich "]
[Date "2004.05.31"]
[Round "9.5"]
[White "Yee, John Y"]
[Black "Coleman, James"]
[Result "0-1"]
[WhiteElo "1768"]
[BlackElo "2187"]
[PlyCount "62"]
[EventDate "2003.10.??"]
[EventType "team"]
[EventRounds "11"]
[EventCountry "ENG"]
[SourceTitle "EXT 2005"]
[Source "ChessBase"]
[SourceDate "2004.11.15"]
[SourceVersion "1"]
[SourceVersionDate "2004.11.15"]
[SourceQuality "1"]
[WhiteTeam "Cheddleton"]
[BlackTeam "Oxford"]
[WhiteTeamCountry "ENG"]
[BlackTeamCountry "ENG"]

1. e4 e5 2. f4 Nc6 3. Nf3 f5 4. d3 d6 5. Be2 Nf6 6. Nc3 Be7 7. 0-0 0-0 8. a3 Kh8 9. exf5 Bxf5 10. Kh1 e4 11. dxe4 Nxe4 12. Nxe4 Bxe4 13. Bd3 Bxd3 14. Qxd3 Qd7 15. Bd2 Qg4 16. Rae1 Bf6 17. c3 Rae8 18. Nd4 Bxd4 19. cxd4 d5 20. h3 Qd7 21. f5 Rxe1 22. Rxe1 Re8 23. Rxe8+ Qxe8 24. b4 Qe4 25. Qxe4 dxe4 26. Bc3 Ne7 27. g4 Nd5 28. Bb2 Nf4 29. Kh2 e3 30. Kg1 e2 31. Bc3 Nd3 0-1